Naruto Deaths and Their Killers - Statistics

General Stats
  • This quiz has been taken 810 times
  • The average score is 37 of 48
Answer Stats
Death Killer % Correct
Rin Nohara Herself/Kakashi Hatake
94%
Zabuza Momochi Kakashi Hatake and Gato's men
94%
Orochimaru (later revived) Sasuke Uchiha
94%
Itachi Uchiha Sasuke Uchiha
94%
Danzo Shimura Sasuke Uchiha
94%
The Uchiha Clan (The Massacre) Itachi Uchiha
93%
Haku Kakashi Hatake
92%
Kakuzu Kakashi Hatake
92%
Madara Uchiha (the first time) Hashirama Senju
91%
Konan Obito Uchiha
91%
Jiraiya Pain
90%
Kakashi Hatake (later revived) Pain
90%
Shizune (later revived) Pain
90%
Fukasaku (later revived) Pain
90%
Yahiko Himself/Nagato Uzumaki
89%
Chiriku Hidan and Kakuzu
86%
Asuma Sarutobi Hidan
85%
Hidan (didn't really die) Shikamaru Nara
85%
Kushina Uzumaki Kurama
84%
Sasori Lady Chiyo and Sakura
84%
Chiyo Herself
82%
Rasa (4th Kazekage) Orochimaru
80%
Hiruzen Sarutobi (3rd Hokage) Reaper Death Seal
80%
Minato Namikaze Reaper Death Seal
79%
Dosu Kinuta Gaara
78%
Kimimaro Gaara
78%
Kisame Hoshigaki Himself
78%
Izuna Uchiha Tobirama Senju
78%
Nagato Himself
77%
Might Duy Himself (8 gates caused)
77%
Sakumo Hatake Himself
76%
Shisui Uchiha Himself
76%
Deidara Himself
76%
Madara Uchiha (the last time) Zetsu
76%
Obito Uchiha Kaguya Otsutsuki
73%
The Third Kazekage Sasori
70%
Jirobo Choji Akimichi
67%
Kidomaru Neji Hyuga
66%
Tayuya Temari
63%
Gato Zabuza Momochi
61%
Inoichi Yamanaka Ten-Tails
59%
Shikaku Nara Ten-Tails
59%
Neji Hyuga Ten-Tails
59%
Sakon & Ukon Kankuro
57%
Gaara Akatsuki (Bijuu extraction)
44%
Hayate Gekko Baki
39%
Tobirama Senju Kinkaku
36%
Juzo Biwa Yagura Karatachi
26%
No matching quizzes found
Score Distribution
Percent of People with Each Score
Percentile by Number Answered
Your Score History
You have not taken this quiz